000 00338nam a22001457a 4500
008 180814b xxu||||| |||| 00| 0 eng d
020 _a0803920628
041 _aeng
080 _a37
082 _a37
100 _a46
101 _aEDU
245 _aThe integrative research review a systematic approach
_cCooper.H.M
942 _2udc
_cBK
999 _c47108
_d47108